[Event "Olympiad Women-33"]
[Site "Elista"]
[Date "1998.10.05"]
[Round "7"]
[White "Sergeeva, Tatyana"]
[Black "Agababean, Naira"]
[Result "1-0"]
[WhiteElo "2245"]
[BlackElo "2280"]
[PlyCount "82"]
[EventDate "1998.09.29"]
[EventType "team-swiss"]
[EventRounds "13"]
[EventCountry "RUS"]
[SourceTitle "CBM 066 Extra"]
[Source "ChessBase"]
[SourceDate "1998.11.06"]
[SourceVersion "1"]
[SourceVersionDate "1998.11.06"]
[SourceQuality "1"]

1. c4 e5 2. Nc3 Nf6 3. g3 Bb4 4. Bg2 Bxc3 5. bxc3 0-0 6. e4 d6 7. d3 h6 8. Nf3 Re8 9. 0-0 Nc6 10. h3 Be6 11. Be3 b6 12. Nd2 Na5 13. f4 Bd7 14. Qf3 Kh7 15. g4 Re7 16. g5 Ng8 17. f5 f6 18. h4 Be8 19. Kh2 c6 20. Rg1 Rd7 21. Bh3 Qe7 22. Rg3 Qf8 23. Rag1 Rad8 24. gxh6 Nxh6 25. Rg6 Re7 26. Qh5 Bxg6 27. fxg6+ Kh8 28. Bf5 Kg8 29. Rg3 Rdd7 30. Bxh6 gxh6 31. g7 Rxg7 32. Bxd7 Rxg3 33. Kxg3 Qg7+ 34. Qg4 c5 35. Be6+ Kf8 36. Qxg7+ Kxg7 37. Bd5 h5 38. Nf1 a6 39. Ne3 Kg6 40. Nf5 b5 41. cxb5 axb5 1-0

[Event "RUS-Cup5"]
[Site "Ekaterinburg"]
[Date "1997.??.??"]
[Round "1"]
[White "Kholmov, Ratmir D"]
[Black "Sergeeva, Tatyana"]
[Result "1-0"]
[WhiteElo "2465"]
[BlackElo "2250"]
[PlyCount "79"]
[EventDate "1997.02.13"]
[EventType "swiss"]
[EventRounds "9"]
[EventCountry "RUS"]
[SourceTitle "CBM 057 Extra"]
[Source "ChessBase"]
[SourceDate "1997.05.01"]
[SourceVersion "1"]
[SourceVersionDate "1997.05.01"]
[SourceQuality "1"]

1. e4 c5 2. Nf3 d6 3. d4 cxd4 4. Nxd4 Nf6 5. Nc3 a6 6. g3 e6 7. Bg2 Be7 8. 0-0 0-0 9. Nce2 Qc7 10. b3 Nc6 11. c4 Rd8 12. Bb2 Rb8 13. Rc1 Qd7 14. Qd2 Nxd4 15. Nxd4 b6 16. Rfd1 Bb7 17. Qe2 Qe8 18. h3 Ba8 19. Kh2 b5 20. cxb5 axb5 21. Rc7 Rd7 22. Rc2 Ra7 23. a3 Bd8 24. e5 Nd5 25. exd6 Bf6 26. Rdc1 h6 27. Rc5 Rxa3 28. Bxa3 Bxd4 29. Rxd5 exd5 30. Qxe8+ Rxe8 31. d7 Rd8 32. Rc8 Bf6 33. Bb4 Bb7 34. Rc7 Rb8 35. Bd6 Bd8 36. Bxd5 Bxd5 37. Rc8 Ra8 38. Bb8 Kh7 39. Rxd8 Be6 40. Rh8+ 1-0

[Event "Baile Herculane (Women)"]
[Site "Baile Herculane"]
[Date "1994.??.??"]
[Round "7"]
[White "Mereacre, Natasa"]
[Black "Sergeeva, Tatyana"]
[Result "0-1"]
[WhiteElo "2115"]
[BlackElo "2255"]
[PlyCount "84"]
[EventDate "1994.??.??"]
[EventType "tourn"]
[EventRounds "11"]
[EventCountry "ROU"]
[SourceTitle "EXT 1997"]
[Source "ChessBase"]
[SourceDate "1996.11.15"]
[SourceVersion "1"]
[SourceVersionDate "1996.11.15"]
[SourceQuality "1"]

1. e4 c5 2. Nf3 d6 3. Bb5+ Bd7 4. Bxd7+ Nxd7 5. 0-0 Ngf6 6. Qe2 e6 7. Rd1 Ne5 8. Nxe5 dxe5 9. d3 Be7 10. Nd2 0-0 11. Nc4 Qc7 12. a4 Nd7 13. Bd2 Nb8 14. Qg4 Nc6 15. Qg3 Bf6 16. f4 Nd4 17. Qf2 exf4 18. c3 Nb3 19. Bxf4 e5 20. Ra3 Na5 21. Nxa5 Qxa5 22. Be3 Rac8 23. Qf5 Rfd8 24. d4 Qb6 25. d5 Qxb2 26. Bc1 Qc2 27. Rf1 c4 28. h4 Bxh4 29. Qxf7+ Kh8 30. Qf3 Be7 31. Qg4 Rf8 32. Rd1 Rcd8 33. Ra1 Qxc3 34. Bd2 Qd4+ 35. Kh1 Qf2 36. Rac1 Rd6 37. Rxc4 Rg6 38. Qh3 Rg3 39. Qh2 Rd3 40. Qxe5 Rh3+ 41. gxh3 Qf3+ 42. Kh2 Qe2+ 0-1

[Event "Baile Herculane (Women)"]
[Site "Baile Herculane"]
[Date "1994.??.??"]
[Round "11"]
[White "Uskova, Fliura"]
[Black "Sergeeva, Tatyana"]
[Result "1/2-1/2"]
[WhiteElo "2255"]
[BlackElo "2255"]
[PlyCount "22"]
[EventDate "1994.??.??"]
[EventType "tourn"]
[EventRounds "11"]
[EventCountry "ROU"]
[SourceTitle "EXT 1997"]
[Source "ChessBase"]
[SourceDate "1996.11.15"]
[SourceVersion "1"]
[SourceVersionDate "1996.11.15"]
[SourceQuality "1"]

1. e4 e5 2. Nf3 Nc6 3. Bb5 a6 4. Ba4 Nf6 5. d3 d6 6. c3 Be7 7. 0-0 0-0 8. Nbd2 Re8 9. Re1 b5 10. Bb3 Na5 11. Bc2 c5 1/2-1/2

[Event "Baile Herculane (Women)"]
[Site "Baile Herculane"]
[Date "1994.??.??"]
[Round "3"]
[White "Vajda, Szidonia"]
[Black "Sergeeva, Tatyana"]
[Result "1-0"]
[WhiteElo "2155"]
[BlackElo "2255"]
[PlyCount "97"]
[EventDate "1994.??.??"]
[EventType "tourn"]
[EventRounds "11"]
[EventCountry "ROU"]
[SourceTitle "EXT 1997"]
[Source "ChessBase"]
[SourceDate "1996.11.15"]
[SourceVersion "1"]
[SourceVersionDate "1996.11.15"]
[SourceQuality "1"]

1. e4 c5 2. c3 e6 3. d4 b6 4. Nf3 Bb7 5. Bd3 d6 6. 0-0 Nd7 7. Qe2 Ngf6 8. Rd1 cxd4 9. cxd4 Be7 10. Nc3 0-0 11. Bf4 Nh5 12. Bd2 a6 13. e5 g6 14. Bh6 Re8 15. Ne4 Qb8 16. Nxd6 Bxd6 17. exd6 Qxd6 18. Be4 Bd5 19. Rac1 Nhf6 20. Bxd5 exd5 21. Qc2 Ng4 22. Qc7 Qxc7 23. Rxc7 Ndf6 24. Bg5 Ne4 25. Bh4 Rac8 26. Rdc1 Rxc7 27. Rxc7 g5 28. h3 Nh6 29. Nxg5 Nd2 30. f3 Re2 31. Bg3 Nc4 32. b3 Nf5 33. Bf4 Ncd6 34. Be5 h6 35. Rd7 hxg5 36. Rd8+ Kh7 37. Bxd6 Rxa2 38. Be5 Ne3 39. Rh8+ Kg6 40. Rg8+ Kf5 41. g4+ Ke6 42. Rxg5 a5 43. Bf4 f6 44. Rg6 Kf7 45. Rh6 Nc2 46. g5 Nxd4 47. Rxf6+ Kg7 48. Be5 Ne2+ 49. Kf1 1-0

[Event "URS-chT Republics (Women) 2nd Group1"]
[Site "Azov"]
[Date "1991.??.??"]
[Round "5"]
[White "Sergeeva, Tatyana"]
[Black "Ionescu, Irina"]
[Result "1/2-1/2"]
[WhiteElo "2230"]
[BlackElo "2140"]
[PlyCount "56"]
[EventDate "1991.??.??"]
[EventType "team-tourn"]
[EventRounds "5"]
[EventCountry "URS"]
[SourceTitle "EXT 2020"]
[Source "ChessBase"]
[SourceDate "2019.10.17"]
[SourceVersion "1"]
[SourceVersionDate "2019.10.17"]
[SourceQuality "1"]
[WhiteTeam "Kazakhstan (W)"]
[BlackTeam "Moldova (W)"]
[WhiteTeamCountry "KAZ"]
[BlackTeamCountry "MDA"]

1. d4 d5 2. Nf3 Nf6 3. g3 Bf5 4. c4 c6 5. Nc3 e6 6. Bg2 h6 7. 0-0 Be7 8. b3 0-0 9. Bb2 Nbd7 10. Ne5 Bh7 11. e3 Nxe5 12. dxe5 Nd7 13. cxd5 cxd5 14. e4 Nxe5 15. Na4 d4 16. Bxd4 Nc6 17. Bc5 Bxc5 18. Nxc5 b6 19. Nd7 Re8 20. Qd6 Rc8 21. Rfd1 Qe7 22. Rac1 Qxd6 23. Rxd6 Nb4 24. Ra1 Rc2 25. Rd4 Nc6 26. Rdd1 Rc8 27. f3 f6 28. Bh3 Kf7 1/2-1/2